000 nam a22 7a 4500
999 _c20327
_d20327
008 170119b xxu||||| |||| 00| 0 eng d
020 _a836900227
050 _a M 370.1 .J77 1969
100 _aJones Howard Mumford
_d1969
245 _aReflection on Learning
_cHoward Mumford Jones
260 _aNew York
_bBooks for Libraries Press
_c1969
300 _a97p;
_c23cm.
942 _2lcc
_cBOOKS
_hM 370.1 .J77 1969
_k30734